01069cam a22002891 450000100060000000300080000600500170001400800390003103500190007003500190008904000480010804100080015608200200016410000510018424500990023525000260033426000710036030000360043149001430046750400470061050500130065765000250067065000130069565000140070870000300072270000270075210024BD-RjUL20211208234900.0140122r1960 nyua b 001 0 eng a(BD-RjUL)10071 a(OCoLC)2139997 aDLCcTxDWdOClW-HdOCoLCdDLCdBD-RjULbeng aeng a543.5bJAA 19601 aJacobs, Morris B.q(Morris Boris),d1905-1965.14aThe analytical chemistry of industrial poisons, hazards, and solvents. /c by Morris B. Jacobs a2d ed., rev. and enl. aNew York :bInterscience Publishers,cc1949 [Printing 1960, 1964]. axviii, 788 p. :bill. ;c23 cm. aChemical analysis : a series of Monographs on Analytical Chemistry and Its applications / ed. Beverly L. Clarke, I. M. Kolthoff ; .vv. 1 aIncludes "Selected references." and index. aVol. 1-- 0aChemistry, Analytic. 0aPoisons. 0aSolvents. aClarke, Beverly L., ed.  a Kolthoff, I. M., ed.